[Event "29th ECC Women 2025"]
[Site "Rhodes GRE"]
[Date "2025.10.23"]
[Round "5.25"]
[White "Osmak, Yuliia"]
[Black "Johannsdottir, Johanna Bjorg"]
[Result "1-0"]
[WhiteTitle "IM"]
[BlackTitle "WCM"]
[WhiteElo "2464"]
[BlackElo "1975"]
[WhiteTeam "C'Chartres échecs"]
[BlackTeam "ISL Federation"]
[WhiteFideId "14101602"]
[BlackFideId "2303108"]
[EventDate "2025.10.19"]

1. e4 d5 2. exd5 Qxd5 3. Nc3 Qd6 4. d4 Nf6 5. Nf3 c6 6. g3 Bf5 7. Bf4 Qd8 8. Qe2
e6 9. Nh4 Bg6 10. Nxg6 hxg6 11. Bg2 Be7 12. O-O Nbd7 13. Rad1 O-O 14. h4 Nd5 15.
Bd2 Re8 16. Ne4 N7f6 17. Ng5 Bd6 18. c4 Ne7 19. Bc3 Nf5 20. Rfe1 Rc8 21. Ne4
Nxe4 22. Bxe4 Bb8 23. Kg2 Qc7 24. h5 Nxg3 25. fxg3 Qxg3+ 26. Kf1 Qh3+ 27. Bg2
Qxh5 28. Qxh5 gxh5 29. d5 cxd5 30. cxd5 exd5 31. Rxe8+ Rxe8 32. Rxd5 h4 33. Rd7
Be5 34. Bd5 1-0

[Event "29th ECC Women 2025"]
[Site "Rhodes GRE"]
[Date "2025.10.23"]
[Round "5.26"]
[White "Finnbogadottir, Tinna Kristin"]
[Black "Daulyte-Cornette, Deimante"]
[Result "0-1"]
[BlackTitle "IM"]
[WhiteElo "1858"]
[BlackElo "2386"]
[WhiteTeam "ISL Federation"]
[BlackTeam "C'Chartres échecs"]
[WhiteFideId "2300214"]
[BlackFideId "12802859"]
[EventDate "2025.10.19"]

1. d4 Nf6 2. Nf3 d5 3. e3 c5 4. b3 cxd4 5. exd4 Nc6 6. a3 Bg4 7. Bb2 e6 8. Bd3
Bd6 9. O-O O-O 10. Nbd2 Bf4 11. Re1 Bxd2 12. Qxd2 Bxf3 13. gxf3 Nh5 14. Kh1 Qh4
15. Rg1 f5 16. Qe3 Rf6 17. Qg5 Qxg5 18. Rxg5 Nf4 19. Bf1 Rc8 20. Rd1 Rf7 21. Bc1
Ng6 22. f4 Rfc7 23. Be3 Na5 24. Bd3 Rxc2 25. Bxc2 Rxc2 26. b4 Nc4 27. a4 Ne7 28.
Rgg1 Nc6 29. b5 N6a5 30. Rc1 Ra2 31. Ra1 Rxa1 32. Rxa1 Nd6 33. Kg2 Nac4 34. Kf3
Ne4 35. Ke2 Nc3+ 36. Ke1 Nb6 37. a5 Nc4 38. b6 a6 39. Bd2 Nb5 40. Be3 Kf7 41.
Ke2 Ke7 42. Kd3 Kd7 43. Bc1 Kc6 44. Bd2 Nxd4 45. Kxd4 Nxd2 46. Rc1+ Nc4 47.
Rxc4+ dxc4 48. Kxc4 h6 49. h4 h5 50. f3 g6 51. Kb4 Kd5 52. Kc3 Kc5 53. Kd3 Kb5
54. Kd4 Kb4 55. Ke5 Kxa5 56. Kxe6 Kxb6 57. Kf6 a5 58. Kxg6 a4 59. Kxf5 a3 60.
Kg6 a2 61. f5 a1=Q 62. f6 Kc6 63. f4 Kd7 64. f5 Ke8 65. Kxh5 Qxf6 0-1

[Event "29th ECC Women 2025"]
[Site "Rhodes GRE"]
[Date "2025.10.23"]
[Round "5.27"]
[White "Schippke, Manon"]
[Black "Acevedo Mendez, Lisseth"]
[Result "1-0"]
[WhiteTitle "WIM"]
[BlackTitle "WIM"]
[WhiteElo "2359"]
[BlackElo "1871"]
[WhiteTeam "C'Chartres échecs"]
[BlackTeam "ISL Federation"]
[WhiteFideId "45100446"]
[BlackFideId "6502938"]
[EventDate "2025.10.19"]

1. e4 e5 2. Nf3 Nc6 3. d4 exd4 4. Nxd4 Nf6 5. Nxc6 bxc6 6. Qe2 Bc5 7. e5 Nd5 8.
c4 Nb6 9. Qg4 g6 10. Bg5 h5 11. Qf4 Be7 12. h4 Bxg5 13. hxg5 Qe7 14. Be2 Ba6 15.
Nd2 O-O-O 16. c5 Bxe2 17. cxb6 Ba6 18. bxc7 Rde8 19. Nf3 Qc5 20. Qe3 Qxe3+ 21.
fxe3 Kxc7 22. Rh4 Rb8 23. b3 Bd3 24. e4 Rb4 25. Kd2 Ba6 26. Rf4 Rh7 27. Ke3 Kd8
28. Rh1 Rb5 29. Rd1 Ke7 30. Rf6 Rc5 31. Rfd6 Bc8 32. R6d2 Rh8 33. Kd4 Rb5 34.
Kc4 a5 35. Kc3 Rc5+ 36. Kd4 Rb5 37. Ke3 Re8 38. Rd4 Rc5 39. R1d2 Rc3+ 40. Kf4
Kf8 41. Ra4 Rc5 42. Ke3 Rb5 43. Rdd4 Rd8 44. Ra3 Bb7 45. Rda4 Ra8 46. Kf4 c5 47.
Nd2 Bc6 48. Nc4 Ke7 49. Rxa5 Rbxa5 50. Rxa5 Rxa5 51. Nxa5 Bb5 52. Nb7 c4 53.
bxc4 Bxc4 54. a4 Bf1 55. g3 Bc4 56. Ke3 Bb3 57. a5 Ba4 58. Kd4 Bb5 59. Kc5 Ba6
60. Kb6 Bd3 61. Nc5 Be2 62. a6 Bxa6 63. Kxa6 d6 64. exd6+ Kxd6 65. Kb6 Ke5 66.
Kc6 f5 67. gxf6 Kxf6 68. Kd6 g5 69. e5+ Kf5 70. e6 Kg4 71. e7 Kxg3 72. e8=Q Kh4
73. Ne4 g4 74. Ke5 1-0

[Event "29th ECC Women 2025"]
[Site "Rhodes GRE"]
[Date "2025.10.23"]
[Round "5.28"]
[White "Johannsdottir, Hildur Berglind"]
[Black "Tomasi, Elise"]
[Result "0-1"]
[BlackTitle "WFM"]
[WhiteElo "1569"]
[BlackElo "2095"]
[WhiteTeam "ISL Federation"]
[BlackTeam "C'Chartres échecs"]
[WhiteFideId "2306425"]
[BlackFideId "26088843"]
[EventDate "2025.10.19"]

1. e4 e5 2. Nf3 Nc6 3. Bc4 Bc5 4. c3 d6 5. h3 Qe7 6. d3 h6 7. Be3 Bb6 8. Nbd2
Nf6 9. a4 Be6 10. Ba2 d5 11. Qe2 d4 12. cxd4 exd4 13. Bf4 Bxa2 14. a5 Nb4 15.
Qd1 Nxd3+ 16. Kf1 Nxf4 17. Qa4+ Qd7 18. Qxa2 Qb5+ 19. Nc4 Bc5 20. Nd2 O-O 21.
Kg1 Rfe8 22. e5 Nd7 23. Nf3 Nd3 24. Rd1 N7xe5 25. Ncxe5 Nxe5 26. Nxe5 Rxe5 27.
Kh2 Bd6 28. g3 Re2 29. Rhf1 Qe5 30. Rd3 Qf5 0-1

[Event "29th ECC Women 2025"]
[Site "Rhodes GRE"]
[Date "2025.10.24"]
[Round "6.1"]
[White "Harmsen, Jessica"]
[Black "Muzychuk, Anna"]
[Result "0-1"]
[WhiteTitle "WIM"]
[BlackTitle "GM"]
[WhiteElo "2046"]
[BlackElo "2525"]
[WhiteTeam "De Stukkenjagers"]
[BlackTeam "Turkish Airlines sports club"]
[WhiteFideId "1001612"]
[BlackFideId "14111330"]
[EventDate "2025.10.19"]

1. f4 d5 2. Nf3 g6 3. g3 Bg7 4. Bg2 Nf6 5. O-O O-O 6. d3 Re8 7. c3 Nc6 8. Ne5
Nxe5 9. fxe5 Ng4 10. d4 f6 11. Qb3 fxe5 12. Qxd5+ Qxd5 13. Bxd5+ Kh8 14. dxe5
Nxe5 15. Nd2 c6 16. Bg2 a5 17. Ne4 a4 18. a3 Ra5 19. Ng5 Nc4 20. Rf4 Nxb2 21.
Nf7+ Kg8 22. Bxb2 Rb5 23. Bc1 Be6 24. Ng5 Rxg5 25. Rxa4 Rc5 26. Bd2 Rd8 27. Be1
Bxc3 28. Rc1 Bb4 29. Rb1 Bxe1 30. Rxe1 b5 31. Ra7 Rd7 32. Ra8+ Kg7 33. h4 Rc3
34. Kh2 Bd5 35. Bxd5 Rxd5 36. Ra7 Re5 37. e4 Rc4 38. Rc7 Kf7 39. Kg2 Rec5 40.
Ra7 Ke6 41. Kf3 Ra4 42. Rxa4 bxa4 43. Re3 Rb5 44. Ke2 Rb2+ 45. Kd1 Rb3 46. Rxb3
axb3 47. Kd2 c5 0-1

[Event "29th ECC Women 2025"]
[Site "Rhodes GRE"]
[Date "2025.10.24"]
[Round "6.1"]
[White "Batsiashvili, Nino"]
[Black "Goryachkina, Aleksandra"]
[Result "1/2-1/2"]
[WhiteTitle "GM"]
[BlackTitle "GM"]
[WhiteElo "2469"]
[BlackElo "2541"]
[WhiteTeam "SuperChess"]
[BlackTeam "Cercle d'échecs de Monte-Carlo"]
[WhiteFideId "13602993"]
[BlackFideId "4147103"]
[EventDate "2025.10.19"]

1. d4 d5 2. c4 e6 3. Nc3 Nf6 4. Nf3 c5 5. cxd5 cxd4 6. Nxd4 Nxd5 7. Bd2 Nf6 8.
Bf4 Nd5 9. Bd2 Nf6 10. Bf4 Nd5 11. Bd2 Nf6 1/2-1/2

[Event "29th ECC Women 2025"]
[Site "Rhodes GRE"]
[Date "2025.10.24"]
[Round "6.2"]
[White "Divya, Deshmukh"]
[Black "Wagner, Dinara"]
[Result "1/2-1/2"]
[WhiteTitle "GM"]
[BlackTitle "IM"]
[WhiteElo "2498"]
[BlackElo "2410"]
[WhiteTeam "Cercle d'échecs de Monte-Carlo"]
[BlackTeam "SuperChess"]
[WhiteFideId "35006916"]
[BlackFideId "24157570"]
[EventDate "2025.10.19"]

1. c4 Nf6 2. Nc3 e5 3. Nf3 Nc6 4. e3 Bb4 5. Qc2 Bxc3 6. Qxc3 Qe7 7. d4 exd4 8.
Nxd4 Nxd4 9. Qxd4 O-O 10. Be2 d5 11. b3 dxc4 12. Bxc4 Be6 13. O-O Rfd8 14. Qe5
Ng4 15. Qf4 Bxc4 16. bxc4 Qe5 17. Rb1 Qxf4 18. exf4 b6 19. Bb2 Rd2 20. a4 Re8
21. h3 Nf6 22. a5 Rc2 23. axb6 axb6 24. Rfc1 Ree2 25. Be5 Ne8 26. c5 bxc5 27.
Rxc2 Rxc2 28. Bxc7 Kf8 29. Bb8 Ke7 30. f5 h5 1/2-1/2

[Event "29th ECC Women 2025"]
[Site "Rhodes GRE"]
[Date "2025.10.24"]
[Round "6.2"]
[White "Muzychuk, Mariya"]
[Black "Van Amerongen, Marleen"]
[Result "1-0"]
[WhiteTitle "GM"]
[WhiteElo "2485"]
[BlackElo "2057"]
[WhiteTeam "Turkish Airlines sports club"]
[BlackTeam "De Stukkenjagers"]
[WhiteFideId "14114550"]
[BlackFideId "1002503"]
[EventDate "2025.10.19"]

1. e4 b6 2. d4 Bb7 3. Nc3 e6 4. a3 d5 5. exd5 exd5 6. Nf3 Nf6 7. Bg5 Bd6 8. Qe2+
Qe7 9. Bxf6 gxf6 10. Nb5 Kd7 11. Nxd6 Qxd6 12. O-O-O Qf4+ 13. Nd2 Re8 14. Qh5
Qxd4 15. Bd3 Qe5 16. Bf5+ Kd8 17. Nf3 Qf4+ 18. Kb1 c5 19. Qxf7 Qc7 20. Rxd5+
Bxd5 21. Qxd5+ 1-0

[Event "29th ECC Women 2025"]
[Site "Rhodes GRE"]
[Date "2025.10.24"]
[Round "6.3"]
[White "Fataliyeva, Ulviyya"]
[Black "Kosteniuk, Alexandra"]
[Result "1/2-1/2"]
[WhiteTitle "IM"]
[BlackTitle "GM"]
[WhiteElo "2410"]
[BlackElo "2469"]
[WhiteTeam "SuperChess"]
[BlackTeam "Cercle d'échecs de Monte-Carlo"]
[WhiteFideId "13403052"]
[BlackFideId "4128125"]
[EventDate "2025.10.19"]

1. e4 e5 2. Nf3 Nf6 3. d4 Nxe4 4. dxe5 d5 5. Nbd2 Nc5 6. Be2 Nc6 7. O-O Bg4 8.
c3 Qd7 9. b4 Ne6 10. h3 Bh5 11. b5 Na5 12. Nb3 Nc4 13. Nfd4 Bxe2 14. Qxe2 g6 15.
a4 Be7 16. Be3 Ng7 17. Nc2 O-O 18. Rfd1 Rad8 19. Bh6 Rfe8 20. Bxg7 Kxg7 21. Ne3
Nxe3 22. Qxe3 a6 23. c4 c6 24. Ra2 Qc8 25. cxd5 Rxd5 26. Rxd5 cxd5 27. Rd2 axb5
28. axb5 Qc4 29. Qf3 Qxb5 30. Rxd5 Qc6 31. Nd4 Qc1+ 32. Kh2 Rd8 33. g3 Rxd5 34.
Qxd5 Qc5 35. Qe4 b5 36. Kg2 Qc4 37. e6 Bf6 38. Qb7 Qxd4 39. Qxf7+ Kh6 40. Qf8+
Kh5 41. Qf7 Kh6 42. Qf8+ Kh5 43. Qf7 1/2-1/2

[Event "29th ECC Women 2025"]
[Site "Rhodes GRE"]
[Date "2025.10.24"]
[Round "6.3"]
[White "Van Amerongen-Jansen, Peggy"]
[Black "Lu, Miaoyi"]
[Result "0-1"]
[BlackTitle "IM"]
[WhiteElo "2030"]
[BlackElo "2431"]
[WhiteTeam "De Stukkenjagers"]
[BlackTeam "Turkish Airlines sports club"]
[WhiteFideId "1001728"]
[BlackFideId "8618020"]
[EventDate "2025.10.19"]

1. e4 c5 2. Nf3 e6 3. c3 Nf6 4. e5 Nd5 5. g3 d6 6. Bg2 Nc6 7. exd6 Bxd6 8. O-O
O-O 9. d4 cxd4 10. Nxd4 Nxd4 11. Qxd4 Qc7 12. a4 Bc5 13. Qd1 Rd8 14. Qe2 Bd7 15.
Nd2 Rac8 16. Nf3 Be8 17. Bd2 Qb6 18. c4 Ne7 19. Bc3 a5 20. Qc2 f6 21. Nd2 Nc6
22. Qe4 Nd4 23. Qxb7 Ne2+ 24. Kh1 Nxc3 25. Nb3 Ne2 26. Rae1 Nd4 27. Nxd4 Bxd4
28. Qxb6 Bxb6 29. Rxe6 Bc5 0-1

[Event "29th ECC Women 2025"]
[Site "Rhodes GRE"]
[Date "2025.10.24"]
[Round "6.4"]
[White "Kashlinskaya, Alina"]
[Black "Efroimski, Marsel"]
[Result "1-0"]
[WhiteTitle "IM"]
[BlackTitle "IM"]
[WhiteElo "2450"]
[BlackElo "2380"]
[WhiteTeam "Cercle d'échecs de Monte-Carlo"]
[BlackTeam "SuperChess"]
[WhiteFideId "4198026"]
[BlackFideId "2810964"]
[EventDate "2025.10.19"]

1. e4 e6 2. d4 d5 3. Nc3 Nf6 4. e5 Nfd7 5. f4 c5 6. Nf3 Nc6 7. Be3 Be7 8. Qd2 a6
9. Bd3 b5 10. Qf2 b4 11. Na4 c4 12. Be2 Nb6 13. Nxb6 Qxb6 14. O-O a5 15. Rad1
Ba6 16. Ng5 g6 17. f5 exf5 18. e6 f6 19. Nf7 Rf8 20. Bf3 Qb5 21. Qh4 Bc8 22.
Qxh7 Bxe6 23. Nh6 O-O-O 24. Qxg6 Bd6 25. Nxf5 Bc7 26. Bh6 Rfe8 27. Ng7 Rg8 28.
Qxf6 Bd7 29. Ne6 Bxe6 30. Qxe6+ Kb8 31. a4 bxa3 32. bxa3 Rge8 33. Qf7 Re7 34.
Qf5 Nxd4 35. Rb1 Nxf5 36. Rxb5+ Ka7 37. Bg5 Rh7 38. h4 Rb8 39. Rxb8 Kxb8 40.
Bxd5 Bb6+ 41. Kh2 Nxh4 42. Rf8+ Kc7 43. Kg3 Ng6 44. Rf6 Ne5 45. Re6 Bd4 46. Kf4
Rg7 47. Kf5 Nd7 48. Rc6+ Kb8 49. Bf4+ Ka7 50. Rxc4 Bg1 51. Rc7+ Kb6 52. Be6 1-0

[Event "29th ECC Women 2025"]
[Site "Rhodes GRE"]
[Date "2025.10.24"]
[Round "6.4"]
[White "Narva, Mai"]
[Black "De Wit, Patricia"]
[Result "1-0"]
[WhiteTitle "IM"]
[WhiteElo "2403"]
[BlackElo "2006"]
[WhiteTeam "Turkish Airlines sports club"]
[BlackTeam "De Stukkenjagers"]
[WhiteFideId "4500512"]
[BlackFideId "1002147"]
[EventDate "2025.10.19"]

1. e4 c6 2. d4 d5 3. f3 Qb6 4. Nc3 dxe4 5. fxe4 e5 6. Nf3 exd4 7. Nxd4 h5 8. a3
Bg4 9. Qd2 Be7 10. Bc4 Bf6 11. Nf5 Bxf5 12. exf5 Nd7 13. Ne4 O-O-O 14. Nd6+ Kb8
15. Nxf7 Bh4+ 16. Kf1 Ka8 17. Nxd8 Ngf6 18. Ne6 Ne5 19. Qf4 Nfg4 20. h3 g5 21.
fxg6 Nxg6 22. Nc7+ Kb8 23. Nd5+ 1-0

[Event "29th ECC Women 2025"]
[Site "Rhodes GRE"]
[Date "2025.10.24"]
[Round "6.5"]
[White "Bivol, Alina"]
[Black "Garifullina, Leya"]
[Result "1/2-1/2"]
[WhiteTitle "IM"]
[BlackTitle "IM"]
[WhiteElo "2361"]
[BlackElo "2453"]
[WhiteTeam "Crvena Zvezda"]
[BlackTeam "Sirmium Sremska Mitrovica"]
[WhiteFideId "4100123"]
[BlackFideId "34127035"]
[EventDate "2025.10.19"]

1. e4 c5 2. Nc3 d6 3. Bb5+ Bd7 4. Bxd7+ Qxd7 5. d4 cxd4 6. Qxd4 Nc6 7. Qd3 g6 8.
Nf3 Bg7 9. O-O Nf6 10. Nd5 O-O 11. Bg5 Ne8 12. Bc1 Nf6 13. Bg5 Ne8 14. Bc1 Nf6 1/2-1/2

[Event "29th ECC Women 2025"]
[Site "Rhodes GRE"]
[Date "2025.10.24"]
[Round "6.5"]
[White "Krasteva, Beloslava"]
[Black "Osmak, Yuliia"]
[Result "1/2-1/2"]
[WhiteTitle "FM"]
[BlackTitle "IM"]
[WhiteElo "2316"]
[BlackElo "2464"]
[WhiteTeam "MSK Centar ASEE"]
[BlackTeam "C'Chartres échecs"]
[WhiteFideId "2922029"]
[BlackFideId "14101602"]
[EventDate "2025.10.19"]

1. d4 Nf6 2. c4 e6 3. Nc3 Bb4 4. f3 d5 5. a3 Bxc3+ 6. bxc3 c5 7. cxd5 Nxd5 8.
dxc5 Qa5 9. e4 Ne7 10. Be3 O-O 11. Qb3 Qc7 12. Bb5 Nec6 13. Ne2 Na5 14. Qb4 Nbc6
15. Qa4 Ne5 16. Bd4 Ng6 17. O-O e5 18. Be3 Be6 19. Qb4 Nb3 20. Rab1 a5 21. Qa4
Nxc5 22. Qc2 f5 23. exf5 Bxf5 24. Qa2+ Kh8 25. Rbd1 Be6 26. Qb1 Bf5 27. Qa2 Be6
28. Qb1 Rac8 29. Kh1 Bf5 30. Qa2 e4 31. Ng3 Be6 32. Qe2 Bb3 33. Rb1 Bd5 34. fxe4
Nxe4 35. Nxe4 Bxe4 36. Rxf8+ Rxf8 37. Rf1 Rxf1+ 38. Qxf1 Qxc3 39. Qc1 Qxc1+ 40.
Bxc1 Nh4 41. Bf1 Kg8 42. Bd2 a4 43. Kg1 Kf7 44. Kf2 Ke6 45. Kg3 Nf5+ 46. Kf4 Nd6
47. Bb4 Bc6 48. g3 Ne4 49. Bc4+ Bd5 50. Bb5 g5+ 51. Ke3 Nf6 52. h4 Bc6 53. Bc4+
Bd5 54. hxg5 Bxc4 55. gxf6 Kxf6 56. Ke4 1/2-1/2

[Event "29th ECC Women 2025"]
[Site "Rhodes GRE"]
[Date "2025.10.24"]
[Round "6.6"]
[White "Salimova, Nurgyul"]
[Black "Velikic, Adela"]
[Result "1-0"]
[WhiteTitle "IM"]
[BlackTitle "WIM"]
[WhiteElo "2385"]
[BlackElo "2261"]
[WhiteTeam "Sirmium Sremska Mitrovica"]
[BlackTeam "Crvena Zvezda"]
[WhiteFideId "2915138"]
[BlackFideId "913553"]
[EventDate "2025.10.19"]

1. d4 Nf6 2. c4 e6 3. Nf3 d5 4. g3 Bb4+ 5. Nbd2 dxc4 6. Bg2 b5 7. a3 Bd6 8. a4
c6 9. Qc2 Na6 10. Ne4 Nxe4 11. Qxe4 Nb4 12. O-O Nd5 13. Bd2 Bb7 14. Rfd1 Qe7 15.
Qb1 a6 16. e4 Nb6 17. b3 cxb3 18. Qxb3 Nxa4 19. e5 Bb8 20. Bb4 Qd8 21. Ng5 Qxg5
22. Qc2 Kd7 23. Rac1 Rc8 24. d5 cxd5 25. Rxd5+ Bd6 26. Rxd6+ Ke8 27. Bc6+ Rxc6
28. Rxc6 Qxe5 29. Rc7 Bd5 30. Qxh7 1-0

[Event "29th ECC Women 2025"]
[Site "Rhodes GRE"]
[Date "2025.10.24"]
[Round "6.6"]
[White "Daulyte-Cornette, Deimante"]
[Black "Radeva, Viktoria"]
[Result "0-1"]
[WhiteTitle "IM"]
[BlackTitle "WGM"]
[WhiteElo "2386"]
[BlackElo "2292"]
[WhiteTeam "C'Chartres échecs"]
[BlackTeam "MSK Centar ASEE"]
[WhiteFideId "12802859"]
[BlackFideId "2915405"]
[EventDate "2025.10.19"]

1. e4 c5 2. Nf3 e6 3. d4 cxd4 4. Nxd4 Nc6 5. Be2 Nf6 6. Nc3 Bb4 7. O-O O-O 8.
Nxc6 bxc6 9. e5 Nd5 10. Ne4 Qc7 11. Nd6 a5 12. Bd3 Ba6 13. c4 Ne7 14. Be3 f5 15.
c5 Bxd3 16. Qxd3 a4 17. Qc4 Nd5 18. a3 Ba5 19. Rad1 Qb8 20. Bd4 Bc7 21. Rd3 Qa7
22. Qc1 Qa6 23. Rg3 f4 24. Rh3 Qe2 25. Qb1 g6 26. Re1 Qg4 27. Qe4 Rab8 28. Rd3
Qg5 29. Qf3 Bxd6 30. exd6 Rf5 31. Qe4 Rbf8 32. f3 Qh5 33. Bf2 Rg5 34. Kh1 Qh6
35. Qxa4 Rh5 36. Bg1 Ne3 37. Rdxe3 fxe3 38. Qd4 e2 39. Rxe2 Qc1 40. Qf2 Rxh2+
41. Kxh2 Qh6+ 42. Kg3 Rf4 0-1

[Event "29th ECC Women 2025"]
[Site "Rhodes GRE"]
[Date "2025.10.24"]
[Round "6.7"]
[White "Mehmed, Elif"]
[Black "Beydullayeva, Govhar"]
[Result "1/2-1/2"]
[WhiteTitle "WGM"]
[BlackTitle "WGM"]
[WhiteElo "2295"]
[BlackElo "2362"]
[WhiteTeam "Crvena Zvezda"]
[BlackTeam "Sirmium Sremska Mitrovica"]
[WhiteFideId "2921103"]
[BlackFideId "13413015"]
[EventDate "2025.10.19"]

1. e4 e5 2. Nf3 Nc6 3. g3 d5 4. exd5 Qxd5 5. Nc3 Qd6 6. Bg2 Bg4 7. h3 Bf5 8. O-O
O-O-O 9. d3 Qd7 10. Kh2 f6 11. Be3 Nge7 12. b4 Nxb4 13. Qb1 Ned5 14. Nxd5 Nxd5
15. Bxa7 Qa4 16. Be3 Qb4 17. Qc1 Qa3 18. Qd1 Be6 19. Nd2 Nxe3 20. fxe3 Qc5 21.
Rb1 Bd5 22. Bxd5 Qxd5 23. a4 h5 24. Rb5 Qc6 25. e4 h4 26. g4 g6 27. Nc4 Bh6 28.
Na5 Qc3 29. Nxb7 Bf4+ 30. Kh1 Rd4 31. Nc5 Rc4 32. Rb8+ Kxb8 33. Qb1+ Rb4 34.
Qxb4+ Qxb4 35. Na6+ Kb7 36. Nxb4 c6 37. d4 Ra8 38. Nd3 g5 39. Rb1+ Kc7 40. Rb4
Kd6 41. Kg2 Bd2 42. Rc4 Rb8 43. Kf3 Rb1 44. Ke2 Ba5 45. Rc5 Bd8 46. dxe5+ fxe5
47. Rxe5 Rh1 48. Rf5 Rxh3 49. a5 Rh1 50. a6 Ra1 51. Ne5 h3 52. Nf3 Ra4 53. Rf8
Be7 54. e5+ Ke6 55. Rh8 Rxa6 56. Rh6+ Kd5 57. Rh7 Ra7 58. Nxg5 Kxe5 59. Nxh3 Kd6
60. Nf2 Ra2 61. Ne4+ Ke6 62. Rh6+ Kd7 63. Kd3 Ra1 64. Nf6+ Bxf6 65. Rxf6 Rg1 66.
Rf4 Rg3+ 67. Kd4 Kd6 68. Re4 Rg2 69. c4 Rg3 70. c5+ Kd7 71. Ke5 Rc3 72. Kf6 Rxc5
73. g5 Rc1 74. Rg4 Rf1+ 75. Kg7 Kd6 76. g6 Kd5 77. Kh6 Rh1+ 78. Kg5 Rh8 79. g7
Rg8 80. Kf6 c5 81. Kf7 Rxg7+ 82. Rxg7 c4 83. Kf6 c3 84. Kf5 Kd4 85. Kf4 c2 86.
Rc7 Kd3 87. Kf3 Kd2 88. Rd7+ Kc3 89. Rc7+ 1/2-1/2

[Event "29th ECC Women 2025"]
[Site "Rhodes GRE"]
[Date "2025.10.24"]
[Round "6.7"]
[White "Nikolovska, Dragana"]
[Black "Schippke, Manon"]
[Result "0-1"]
[BlackTitle "WIM"]
[WhiteElo "1898"]
[BlackElo "2359"]
[WhiteTeam "MSK Centar ASEE"]
[BlackTeam "C'Chartres échecs"]
[WhiteFideId "15000133"]
[BlackFideId "45100446"]
[EventDate "2025.10.19"]

1. e4 c5 2. c3 d5 3. exd5 Nf6 4. Bb5+ Nbd7 5. c4 a6 6. Bxd7+ Bxd7 7. Nf3 e6 8.
Qe2 Bd6 9. O-O O-O 10. dxe6 Bxe6 11. d3 Re8 12. Be3 Bg4 13. Nbd2 Bf5 14. Ne1 Ng4
15. g3 h5 16. Qf3 Bd7 17. Ne4 Bc6 18. h3 Nxe3 19. fxe3 Qd7 20. Qxh5 Bxe4 21.
dxe4 Re5 22. Qf3 Qxh3 23. Qxf7+ Kh8 24. Qg6 Rh5 25. Nf3 Bxg3 0-1

[Event "29th ECC Women 2025"]
[Site "Rhodes GRE"]
[Date "2025.10.24"]
[Round "6.8"]
[White "Tomasi, Elise"]
[Black "Petrovska, Katerina"]
[Result "1/2-1/2"]
[WhiteTitle "WFM"]
[WhiteElo "2095"]
[BlackElo "1880"]
[WhiteTeam "C'Chartres échecs"]
[BlackTeam "MSK Centar ASEE"]
[WhiteFideId "26088843"]
[BlackFideId "15002551"]
[EventDate "2025.10.19"]

1. d4 d5 2. Nf3 Nf6 3. g3 e6 4. Bg2 Be7 5. O-O O-O 6. c4 a5 7. Qc2 c6 8. Rd1 b5
9. c5 b4 10. a3 Ba6 11. axb4 axb4 12. Ra4 b3 13. Qxb3 Bc4 14. Rxc4 dxc4 15. Qxc4
Nbd7 16. Nc3 Nd5 17. Na4 Qa5 18. b3 f5 19. Bg5 Rfe8 20. Bh3 Bxg5 21. Nxg5 h6 22.
Nxe6 Rxe6 23. Bxf5 Re7 24. Bxd7 Rxd7 25. Nb6 Re7 26. Nxa8 Qxa8 27. Re1 Qe8 28.
b4 Rb7 29. Rb1 Qb8 30. b5 Rxb5 31. Rxb5 Qxb5 32. Qxb5 cxb5 33. Kf1 Kf7 34. e4
Nc3 35. Ke1 Nxe4 36. f3 Nf6 37. Kd2 Ke6 38. Kc3 Nd5+ 39. Kb3 Nc7 40. Kb4 Kd7 41.
d5 Nxd5+ 42. Kxb5 Kc7 43. Kc4 Ne3+ 44. Kd3 Nf1 45. Ke2 Nxh2 46. Kf2 Kc6 47. Kg2
Nxf3 48. Kxf3 Kxc5 49. Kf4 Kd4 50. Kf5 g5 51. Kg6 Ke4 52. Kxh6 Kf3 53. Kxg5 1/2-1/2

[Event "29th ECC Women 2025"]
[Site "Rhodes GRE"]
[Date "2025.10.24"]
[Round "6.8"]
[White "Balabayeva, Xeniya"]
[Black "Srdanovic, Jovana"]
[Result "1/2-1/2"]
[WhiteTitle "WGM"]
[BlackTitle "WIM"]
[WhiteElo "2349"]
[BlackElo "2198"]
[WhiteTeam "Sirmium Sremska Mitrovica"]
[BlackTeam "Crvena Zvezda"]
[WhiteFideId "13719688"]
[BlackFideId "954810"]
[EventDate "2025.10.19"]

1. d4 d5 2. c4 e6 3. Nc3 Nf6 4. cxd5 exd5 5. Bg5 Be7 6. e3 c6 7. Bd3 Nbd7 8. Qc2
Nh5 9. Bxe7 Qxe7 10. Nge2 g6 11. O-O O-O 12. Rab1 a5 13. Na4 Re8 14. a3 Ng7 15.
Nf4 Rb8 16. b4 axb4 17. axb4 b5 18. Nc5 Nxc5 19. bxc5 Bf5 20. Bxf5 Nxf5 21. Nd3
Qe6 22. Qd2 Ra8 23. Nb4 Qf6 24. Rbe1 Ra3 25. Kh1 Kg7 26. Qb2 Ra7 27. Nd3 Rea8
28. Ra1 Qe6 29. Nb4 Nh4 30. Rae1 Nxg2 31. Kxg2 Qg4+ 1/2-1/2

[Event "29th ECC Women 2025"]
[Site "Rhodes GRE"]
[Date "2025.10.24"]
[Round "6.9"]
[White "Tokhirjonova, Gulrukhbegim"]
[Black "Zhu, Jiner"]
[Result "0-1"]
[WhiteTitle "IM"]
[BlackTitle "GM"]
[WhiteElo "2370"]
[BlackElo "2569"]
[WhiteTeam "SK Zmaj"]
[BlackTeam "Tajfun SK Ljubljana"]
[WhiteFideId "14203626"]
[BlackFideId "8608059"]
[EventDate "2025.10.19"]

1. d4 Nf6 2. c4 e6 3. g3 d5 4. Bg2 Be7 5. Nf3 O-O 6. O-O dxc4 7. Qc2 a6 8. a4 b6
9. Ne5 Ra7 10. Rd1 Bb7 11. Bxb7 Rxb7 12. Nxc4 Nc6 13. e3 Qd5 14. b3 b5 15. axb5
axb5 16. Nc3 Qh5 17. Nb2 Rd8 18. Qe2 Qxe2 19. Nxe2 Rb6 20. Nd3 e5 21. Bb2 e4 22.
Nc5 Kf8 23. h3 h5 24. Nc3 Bxc5 25. dxc5 Rbb8 26. Rxd8+ Nxd8 27. Ne2 Nd5 28. Rd1
c6 29. Nd4 Ne7 30. Ra1 Ke8 31. Kg2 Kd7 32. g4 hxg4 33. hxg4 g6 34. Kg3 Nd5 35.
f3 exf3 36. e4 Nc7 37. Nxf3 Ra8 38. Rd1+ Kc8 39. Bf6 Nde6 40. b4 Ra4 41. Bc3 Ra3
42. Rc1 Na6 43. Kf2 Nf4 44. Ne1 Rb3 45. Bd2 Ne6 46. Nc2 Nb8 47. Ke2 Nd7 48. Ne1
Nf6 49. Nd3 Nxe4 50. Be3 Nc3+ 51. Kd2 Nd5 52. Rf1 f6 53. Bg1 Ra3 54. Rb1 Ra2+
55. Rb2 Rxb2+ 56. Nxb2 Nxb4 57. Bf2 Kd7 58. Kc3 Nd5+ 59. Kd3 Ke7 60. Ke4 Ng5+
61. Kd3 Ke6 62. Kd4 Nf3+ 63. Kd3 Ne5+ 0-1